| 000 | 00379cam a2200145ua 4500 | ||
|---|---|---|---|
| 003 | OSt | ||
| 008 | 231116b |||||||| |||| 00| 0 eng d | ||
| 041 | _amal | ||
| 082 |
_a954 _bKUN/IN |
||
| 245 | _aIndia charithram part 2 / | ||
| 260 |
_aThiruvananthapuram : _bState Instititute of Languages , _c1970. |
||
| 300 | _a245 ; . | ||
| 700 | 1 |
_aMohamedali, P.K . _95713 |
|
| 942 | _cBK | ||
| 999 |
_c18014 _d18014 |
||